000 00385nam a22001697a 4500
003 MPLRDC
005 20220104144008.0
008 210129b ||||| |||| 00| 0 eng d
082 _a523.37 XXY 1994
100 _a谢学义
245 _a生活技能, 华文小学
_c
250 _a初版
260 _a
_bDELTA
_c1994
300 _b
650 _a
942 _cBK
_o523.37 XXY 1994
999 _c45364
_d45354